<?xml version="1.0" encoding="UTF-8"?><?xml-stylesheet type="text/xsl" href="static/style.xsl"?><OAI-PMH xmlns="http://www.openarchives.org/OAI/2.0/" xmlns:xsi="http://www.w3.org/2001/XMLSchema-instance" xsi:schemaLocation="http://www.openarchives.org/OAI/2.0/ http://www.openarchives.org/OAI/2.0/OAI-PMH.xsd"><responseDate>2026-04-17T13:54:33Z</responseDate><request verb="GetRecord" identifier="oai:www.recercat.cat:11351/8920" metadataPrefix="marc">https://recercat.cat/oai/request</request><GetRecord><record><header><identifier>oai:recercat.cat:11351/8920</identifier><datestamp>2025-10-24T10:44:27Z</datestamp><setSpec>com_2072_378070</setSpec><setSpec>com_2072_378040</setSpec><setSpec>col_2072_378092</setSpec></header><metadata><record xmlns="http://www.loc.gov/MARC21/slim" xmlns:dcterms="http://purl.org/dc/terms/" xmlns:xsi="http://www.w3.org/2001/XMLSchema-instance" xmlns:doc="http://www.lyncode.com/xoai" xsi:schemaLocation="http://www.loc.gov/MARC21/slim http://www.loc.gov/standards/marcxml/schema/MARC21slim.xsd">
   <leader>00925njm 22002777a 4500</leader>
   <datafield ind2=" " ind1=" " tag="042">
      <subfield code="a">dc</subfield>
   </datafield>
   <datafield ind2=" " ind1=" " tag="720">
      <subfield code="a">Denyer, Hayley</subfield>
      <subfield code="e">author</subfield>
   </datafield>
   <datafield ind2=" " ind1=" " tag="720">
      <subfield code="a">Folarin, Amos A</subfield>
      <subfield code="e">author</subfield>
   </datafield>
   <datafield ind2=" " ind1=" " tag="720">
      <subfield code="a">Ramos Sayalero, Carolina</subfield>
      <subfield code="e">author</subfield>
   </datafield>
   <datafield ind2=" " ind1=" " tag="720">
      <subfield code="a">Nemeth, Petra</subfield>
      <subfield code="e">author</subfield>
   </datafield>
   <datafield ind2=" " ind1=" " tag="720">
      <subfield code="a">Bilbow OBE, Andrea</subfield>
      <subfield code="e">author</subfield>
   </datafield>
   <datafield ind2=" " ind1=" " tag="720">
      <subfield code="a">Ramos-Quiroga, Josep Antoni</subfield>
      <subfield code="e">author</subfield>
   </datafield>
   <datafield ind2=" " ind1=" " tag="260">
      <subfield code="c">2023-01-26T10:30:52Z</subfield>
   </datafield>
   <datafield ind2=" " ind1=" " tag="260">
      <subfield code="c">2023-01-26T10:30:52Z</subfield>
   </datafield>
   <datafield ind2=" " ind1=" " tag="260">
      <subfield code="c">2022-12-20</subfield>
   </datafield>
   <datafield ind2=" " ind1=" " tag="520">
      <subfield code="a">Attention deficit hyperactivity disorder; Digital phenotyping; Remote monitoring</subfield>
   </datafield>
   <datafield ind2=" " ind1=" " tag="520">
      <subfield code="a">Trastorno por déficit de atención con hiperactividad; Fenotipado digital; Monitoreo remoto</subfield>
   </datafield>
   <datafield ind2=" " ind1=" " tag="520">
      <subfield code="a">Transtorn per dèficit d'atenció amb hiperactivitat; Fenotipat digital; Monitorització remota</subfield>
   </datafield>
   <datafield ind2=" " ind1=" " tag="520">
      <subfield code="a">Background&#xd;
Emerging evidence points at substantial comorbidity between adult attention deficit hyperactivity disorder (ADHD) and cardiometabolic diseases, but our understanding of the comorbidity and how to manage cardiometabolic disease in adults with ADHD is limited. The ADHD Remote Technology study of cardiometabolic risk factors and medication adherence (ART-CARMA) project uses remote measurement technology to obtain real-world data from daily life to assess the extent to which ADHD medication treatment and physical activity, individually and jointly, may influence cardiometabolic risks in adults with ADHD. Our second main aim is to obtain valuable real-world data on adherence to pharmacological treatment and its predictors and correlates during daily life from adults with ADHD.&#xd;
Methods&#xd;
ART-CARMA is a multi-site prospective cohort study within the EU-funded collaboration ‘TIMESPAN’ (Management of chronic cardiometabolic disease and treatment discontinuity in adult ADHD patients) that will recruit 300 adults from adult ADHD waiting lists. The participants will be monitored remotely over a period of 12 months that starts from pre-treatment initiation. Passive monitoring, which involves the participants wearing a wrist-worn device (EmbracePlus) and downloading the RADAR-base Passive App and the Empatica Care App on their smartphone, provides ongoing data collection on a wide range of variables, such as physical activity, sleep, pulse rate (PR) and pulse rate variability (PRV), systolic peaks, electrodermal activity (EDA), oxygen saturation (SpO2), peripheral temperature, smartphone usage including social connectivity, and the environment (e.g. ambient noise, light levels, relative location). By combining data across these variables measured, processes such as physical activity, sleep, autonomic arousal, and indicators of cardiovascular health can be captured. Active remote monitoring involves the participant completing tasks using a smartphone app (such as completing clinical questionnaires or speech tasks), measuring their blood pressure and weight, or using a PC/laptop (cognitive tasks). The ART system is built on the RADAR-base mobile-health platform.&#xd;
Discussion&#xd;
The long-term goal is to use these data to improve the management of cardiometabolic disease in adults with ADHD, and to improve ADHD medication treatment adherence and the personalisation of treatment.</subfield>
   </datafield>
   <datafield ind2=" " ind1=" " tag="520">
      <subfield code="a">The ART-CARMA study has received funding from the European Union’s Horizon 2020 research and innovation programme under grant agreement No 965381. This communication reflects the views of the authors, and the European Commission is not responsible for any use that may be made of the information it contains. HD is supported by the UK Medical Research Council (MR/N013700/1) and King’s College London member of the MRC Doctoral Training Partnership in Biomedical Sciences.</subfield>
   </datafield>
   <datafield ind1="8" ind2=" " tag="024">
      <subfield code="a">http://hdl.handle.net/11351/8920</subfield>
   </datafield>
   <datafield tag="653" ind2=" " ind1=" ">
      <subfield code="a">Trastorn per dèficit d'atenció amb hiperactivitat - Tractament</subfield>
   </datafield>
   <datafield tag="653" ind2=" " ind1=" ">
      <subfield code="a">Sistema cardiovascular - Malalties</subfield>
   </datafield>
   <datafield tag="653" ind2=" " ind1=" ">
      <subfield code="a">Síndrome metabòlica</subfield>
   </datafield>
   <datafield tag="653" ind2=" " ind1=" ">
      <subfield code="a">Pacients - Cooperació</subfield>
   </datafield>
   <datafield tag="653" ind2=" " ind1=" ">
      <subfield code="a">PSYCHIATRY AND PSYCHOLOGY::Mental Disorders::Neurodevelopmental Disorders::Attention Deficit and Disruptive Behavior Disorders::Attention Deficit Disorder with Hyperactivity</subfield>
   </datafield>
   <datafield tag="653" ind2=" " ind1=" ">
      <subfield code="a">Other subheadings::Other subheadings::Other subheadings::/drug therapy</subfield>
   </datafield>
   <datafield tag="653" ind2=" " ind1=" ">
      <subfield code="a">DISEASES::Nutritional and Metabolic Diseases::Metabolic Diseases::Glucose Metabolism Disorders::Hyperinsulinism::Insulin Resistance::Metabolic Syndrome</subfield>
   </datafield>
   <datafield tag="653" ind2=" " ind1=" ">
      <subfield code="a">DISEASES::Cardiovascular Diseases</subfield>
   </datafield>
   <datafield tag="653" ind2=" " ind1=" ">
      <subfield code="a">PSYCHIATRY AND PSYCHOLOGY::Behavior and Behavior Mechanisms::Attitude::Attitude to Health::Treatment Adherence and Compliance::Patient Acceptance of Health Care::Patient Compliance::Medication Adherence</subfield>
   </datafield>
   <datafield tag="653" ind2=" " ind1=" ">
      <subfield code="a">PSIQUIATRÍA Y PSICOLOGÍA::trastornos mentales::trastornos del desarrollo neurológico::trastornos conductuales disruptivos y déficit de atención::trastornos de déficit de atención con hiperactividad</subfield>
   </datafield>
   <datafield tag="653" ind2=" " ind1=" ">
      <subfield code="a">Otros calificadores::Otros calificadores::Otros calificadores::/farmacoterapia</subfield>
   </datafield>
   <datafield tag="653" ind2=" " ind1=" ">
      <subfield code="a">ENFERMEDADES::enfermedades nutricionales y metabólicas::enfermedades metabólicas::trastornos del metabolismo de la glucosa::hiperinsulinismo::resistencia a la insulina::síndrome metabólico</subfield>
   </datafield>
   <datafield tag="653" ind2=" " ind1=" ">
      <subfield code="a">ENFERMEDADES::enfermedades cardiovasculares</subfield>
   </datafield>
   <datafield tag="653" ind2=" " ind1=" ">
      <subfield code="a">PSIQUIATRÍA Y PSICOLOGÍA::conducta y mecanismos de la conducta::actitud::actitud ante la salud::cumplimiento y adherencia al tratamiento::aceptación de la asistencia sanitaria por parte del paciente::cumplimiento del paciente::adhesión a la medicación</subfield>
   </datafield>
   <datafield ind2="0" ind1="0" tag="245">
      <subfield code="a">ADHD Remote Technology study of cardiometabolic risk factors and medication adherence (ART-CARMA): a multi-centre prospective cohort study protocol</subfield>
   </datafield>
</record></metadata></record></GetRecord></OAI-PMH>